00778nam a2200217Ii 45000010005000000030009000050080041000140400033000550410008000880820016000961000021001122450040001332640085001733000012002583360026002703370028002963380027003249400050003519990017004019520142004186753CO-ViMGA241108s9999||||xx |||||||||||||| ||und|| aCO-ViMGAbspaerdacCO-ViMGA0 aunk04aV862.44-Z951 aJean Zune95529510a ventisca y Rosa de la Alhambra 1a[Lugar de publicación no identificado] : Instituto Colombiano de Cultura, 1974 avolumen atextbtxt2rdacontent aunmediatedbn2rdamedia avolumebnc2rdacarrier aidficha_siabuc: 6599. -- ficha_no_siabuc:6753 c52775d52775 001040708001aMEVIGERRbMEVIGERRcGENd2006-11-27hVol.1oV862.44-Z95pECA6316r2024-11-26 10:09:28tEj.1w2024-11-26yBKz6599 | 9253